Statistiques concernant Pays ayant le plus de cas de COVID-19

Cliquez ici pour prendre le quiz!

Statistiques générales

  • Ce quiz a été pris 322 fois
    (242 depuis la dernière actualisation)
  • Le résultat moyen est 13 sur 20

Statistiques - réponses

Nombre de casPays% Correct
160 377France
99%
2 367 353États-Unis
98%
293 584Espagne
94%
191 822Allemagne
91%
238 720Italie
91%
1 090 349Brésil
90%
592 280Russie
86%
101 567Canada
84%
435 560Inde
83%
305 289Royaume-Uni
83%
180 545Mexique
80%
207 525Iran
45%
188 897Turquie
45%
97 302Afrique du Sud
44%
181 088Pakistan
40%
254 936Pérou
35%
246 963Chili
34%
161 005Arabie Saoudite
25%
115 786Bangladesh
23%
88 403Qatar
7%

Distribution des résultats

Percentile par nombre de réponses

% des personnes avec chaque résultat

Votre développement - résultats

Vous n’avez pas pris ce quiz depuis la dernière actualisation